[Event "NAYCC U18 w"]
[Site "Toronto CAN"]
[Date "2013.08.15"]
[Round "2"]
[White "Ulrich, Rachel J"]
[Black "Botez, Alexandra"]
[Result "0-1"]
[WhiteElo "2002"]
[BlackElo "2202"]
[PlyCount "116"]
[GameId "2160767909296847"]
[EventDate "2013.08.14"]
[EventType "tourn"]
[EventRounds "9"]
[EventCountry "CAN"]
[SourceTitle "EXT 2022"]
[Source "ChessBase"]
[SourceDate "2021.10.06"]
[SourceVersion "1"]
[SourceVersionDate "2021.10.06"]
[SourceQuality "1"]

1. e4 e6 2. d4 d5 3. Nc3 Nf6 4. e5 Nfd7 5. f4 c5 6. Nf3 Nc6 7. Be3 Rb8 8. Qd2 Qa5 9. Be2 b5 10. O-O b4 11. Nd1 Ba6 12. Nf2 Bxe2 13. Qxe2 cxd4 14. Nxd4 Nxd4 15. Bxd4 Bc5 16. Bxc5 Nxc5 17. a3 b3 18. cxb3 Nxb3 19. Rad1 Qb6 20. Qg4 O-O 21. Rd3 f5 22. exf6 Rxf6 23. Qg5 Nc5 24. Rh3 Ne4 25. Qh4 Rh6 26. Qe7 Rxh3 27. gxh3 a5 28. Kg2 Qd6 29. Qa7 Nd2 30. Rd1 Nc4 31. Qd4 Qb6 32. Qxb6 Rxb6 33. Re1 Nxb2 34. f5 exf5 35. Re5 Nc4 36. Re8+ Kf7 37. Ra8 Rb3 38. a4 Ra3 39. Ra7+ Kg6 40. Ra6+ Kh5 41. Ra7 Kh6 42. Rd7 Rxa4 43. Kg3 f4+ 44. Kg2 Ne3+ 45. Kf3 Rd4 46. h4 Nf5 47. Kg4 Kg6 48. h5+ Kf6 49. Ra7 Ne3+ 50. Kf3 a4 51. Ra6+ Kg5 52. Nh3+ Kf5 53. Ra7 a3 54. Rxa3 Ng4 55. Ra7 Rd3+ 56. Kg2 f3+ 57. Kg3 f2+ 58. Kh4 Rxh3+ 0-1

[Event "NAYCC U18 w"]
[Site "Toronto CAN"]
[Date "2013.08.15"]
[Round "3"]
[White "Botez, Alexandra"]
[Black "Peng, Jackie"]
[Result "1/2-1/2"]
[WhiteElo "2202"]
[BlackElo "2231"]
[PlyCount "100"]
[GameId "2160767909296848"]
[EventDate "2013.08.14"]
[EventType "tourn"]
[EventRounds "9"]
[EventCountry "CAN"]
[SourceTitle "EXT 2022"]
[Source "ChessBase"]
[SourceDate "2021.10.06"]
[SourceVersion "1"]
[SourceVersionDate "2021.10.06"]
[SourceQuality "1"]

1. d4 g6 2. c4 Bg7 3. Nc3 c5 4. d5 Bxc3+ 5. bxc3 f5 6. Nf3 d6 7. h4 Nf6 8. Bf4 Qa5 9. Qb3 Nbd7 10. e3 Nb6 11. Rc1 Bd7 12. Be2 O-O 13. O-O Ne4 14. Bd3 Qa6 15. Bxe4 fxe4 16. Nd2 Ba4 17. Qb1 Nxc4 18. Nxe4 Bd7 19. Qa1 b5 20. Rfd1 Qb7 21. Ng3 Rf7 22. Rc2 Bf5 23. Re2 Nb6 24. Bh6 Bd7 25. e4 Nc4 26. Qc1 Ne5 27. f3 a5 28. Kh1 b4 29. h5 Bb5 30. Red2 Qd7 31. a3 Nxf3 32. Rf2 Qg4 33. gxf3 Qxg3 34. Qe3 Qh3+ 35. Rh2 Qxf3+ 36. Qxf3 Rxf3 37. hxg6 hxg6 38. Kg1 Kf7 39. cxb4 axb4 40. axb4 cxb4 41. Bd2 Rg8 42. Bxb4 Bd3 43. Rh7+ Rg7 44. Rxg7+ Kxg7 45. e5 Be4 46. Re1 Bxd5 47. exd6 exd6 48. Kh2 Rf2+ 49. Kg3 Rf3+ 50. Kh2 Rf2+ 1/2-1/2

[Event "NAYCC U18 w"]
[Site "Toronto CAN"]
[Date "2013.08.15"]
[Round "3"]
[White "Gologorsky, Rachel Gita"]
[Black "Kalaydina, Regina Veronicka"]
[Result "1-0"]
[WhiteElo "2028"]
[BlackElo "1958"]
[PlyCount "106"]
[GameId "2160767909296849"]
[EventDate "2013.08.14"]
[EventType "tourn"]
[EventRounds "9"]
[EventCountry "CAN"]
[SourceTitle "EXT 2022"]
[Source "ChessBase"]
[SourceDate "2021.10.06"]
[SourceVersion "1"]
[SourceVersionDate "2021.10.06"]
[SourceQuality "1"]

1. e4 c5 2. Nf3 e6 3. d4 cxd4 4. Nxd4 Nc6 5. Nc3 Qc7 6. f4 a6 7. Nxc6 Qxc6 8. Bd3 Nf6 9. Qf3 d6 10. O-O Be7 11. a4 O-O 12. Be3 b6 13. Qg3 Re8 14. Rf3 Bb7 15. Qh3 Qc7 16. Rg3 e5 17. Qh6 g6 18. fxe5 dxe5 19. Rf1 Bc8 20. h3 Be6 21. Bg5 Bf8 22. Qh4 Nd7 23. Rgf3 Bg7 24. Qf2 Qc5 25. Be3 Qe7 26. Bxb6 Nxb6 27. Qxb6 Reb8 28. Qc6 Rc8 29. Nd5 Qa7+ 30. Qb6 Rcb8 31. Qxa7 Rxa7 32. b3 Bxd5 33. exd5 f5 34. Bc4 e4 35. Rg3 f4 36. Rg4 Be5 37. Kf2 Kg7 38. Ke2 h6 39. Rgxf4 Bxf4 40. Rxf4 Re8 41. Ke3 a5 42. Rxe4 Rxe4+ 43. Kxe4 Kf6 44. d6 g5 45. Kd5 Kf7 46. Kc6+ Ke8 47. Kb6 Ra8 48. Bb5+ Kd8 49. c4 Rc8 50. c5 h5 51. c6 Rb8+ 52. Ka7 h4 53. Kxb8 g4 1-0

[Event "NAYCC U18 w"]
[Site "Toronto CAN"]
[Date "2013.08.15"]
[Round "3"]
[White "Gorti, Akshita"]
[Black "Hua, Margaret"]
[Result "1-0"]
[WhiteElo "1988"]
[BlackElo "1941"]
[PlyCount "137"]
[GameId "2160767909296850"]
[EventDate "2013.08.14"]
[EventType "tourn"]
[EventRounds "9"]
[EventCountry "CAN"]
[SourceTitle "EXT 2022"]
[Source "ChessBase"]
[SourceDate "2021.10.06"]
[SourceVersion "1"]
[SourceVersionDate "2021.10.06"]
[SourceQuality "1"]

1. d4 d5 2. c4 e6 3. Nc3 Nf6 4. cxd5 exd5 5. Bg5 c6 6. Qc2 Be7 7. e3 Nbd7 8. Bd3 O-O 9. Nge2 Re8 10. O-O Nf8 11. f3 g6 12. Rad1 Nh5 13. Bxe7 Rxe7 14. e4 Ng7 15. e5 Re8 16. f4 f5 17. Qd2 b6 18. b4 Nfe6 19. Bc2 Nc7 20. Bb3 Ba6 21. a4 Nge6 22. Qa2 Bb7 23. b5 cxb5 24. axb5 a6 25. bxa6 Rxa6 26. Qb2 Qd7 27. Bc2 Bc6 28. Bd3 Raa8 29. Ra1 Rab8 30. Rfc1 Rec8 31. Qb4 Kf7 32. Ra7 Bb7 33. Na4 Na8 34. Rxc8 Qxc8 35. Nxb6 Nxb6 36. Qxb6 Kg8 37. Qa5 Qc6 38. Qb5 Qc8 39. Qa4 Nxf4 40. Nxf4 Qc1+ 41. Bf1 Qe3+ 42. Kh1 Qxf4 43. Qb5 Qxd4 44. Rxb7 Rxb7 45. Qxb7 Qxe5 46. Qc8+ Kg7 47. h3 Qe1 48. Qd7+ Kh6 49. Qb5 Kg5 50. Qd3 h5 51. Kg1 Qe5 52. Be2 f4 53. Kf2 d4 54. Qb5 Kf6 55. Qxe5+ Kxe5 56. Bd3 g5 57. Kf3 Kf6 58. Bc2 Kg7 59. Ke4 g4 60. hxg4 h4 61. Kxf4 Kf6 62. g5+ Kg7 63. Kg4 Kf7 64. g6+ Kg7 65. Kxh4 Kf6 66. Kg4 Kg7 67. Kg5 d3 68. Bxd3 Kg8 69. Kh6 1-0

[Event "NAYCC U18 w"]
[Site "Toronto CAN"]
[Date "2013.08.15"]
[Round "3"]
[White "Regam, Jessica"]
[Black "Ulrich, Rachel J"]
[Result "1-0"]
[WhiteElo "2125"]
[BlackElo "2002"]
[PlyCount "123"]
[GameId "2160767909296851"]
[EventDate "2013.08.14"]
[EventType "tourn"]
[EventRounds "9"]
[EventCountry "CAN"]
[SourceTitle "EXT 2022"]
[Source "ChessBase"]
[SourceDate "2021.10.06"]
[SourceVersion "1"]
[SourceVersionDate "2021.10.06"]
[SourceQuality "1"]

1. e4 c5 2. Nf3 d6 3. d4 cxd4 4. Nxd4 Nf6 5. Nc3 a6 6. Qf3 g6 7. h3 Bg7 8. Be3 O-O 9. Be2 Nbd7 10. g4 Qc7 11. O-O-O Ne5 12. Qg2 Nc4 13. Bxc4 Qxc4 14. Kb1 Bd7 15. g5 Nh5 16. Nd5 Rae8 17. Rd3 Be6 18. Rc3 Qa4 19. Ra3 Qd7 20. Nb6 Qc7 21. Nxe6 fxe6 22. Qg4 Kh8 23. Qxe6 Nf4 24. Qg4 Qc6 25. Nd7 Rf7 26. Bxf4 Qxe4 27. Rf3 e5 28. Nf6 Bxf6 29. Bc1 Qd5 30. gxf6 e4 31. Re1 Re6 32. Rf4 Rexf6 33. Rxf6 Rxf6 34. Qxe4 Qxe4 35. Rxe4 Rxf2 36. b3 Rh2 37. h4 d5 38. Rd4 Kg8 39. Bg5 Kf7 40. Rxd5 Rh1+ 41. Kb2 Ke6 42. Rd4 Ke5 43. Rd7 h6 44. Bxh6 Rxh4 45. Bg7+ Kf5 46. Rxb7 g5 47. Ra7 g4 48. Rxa6 g3 49. Bf8 g2 50. Bc5 Rg4 51. Rd6 Rg8 52. Rd1 Ke4 53. a4 Rc8 54. b4 Rc6 55. a5 Rf6 56. Ra1 Ra6 57. b5 Ra8 58. b6 Kd5 59. Bg1 Kc6 60. a6 Rf8 61. b7 Rb8 62. Ba7 1-0

[Event "NAYCC U18 w"]
[Site "Toronto CAN"]
[Date "2013.08.15"]
[Round "3"]
[White "Vyravanathan, Sobiga"]
[Black "Lee, Megan Shuen Hui"]
[Result "0-1"]
[WhiteElo "1632"]
[BlackElo "2127"]
[PlyCount "96"]
[GameId "2160767909296852"]
[EventDate "2013.08.14"]
[EventType "tourn"]
[EventRounds "9"]
[EventCountry "CAN"]
[SourceTitle "EXT 2022"]
[Source "ChessBase"]
[SourceDate "2021.10.06"]
[SourceVersion "1"]
[SourceVersionDate "2021.10.06"]
[SourceQuality "1"]

1. e4 e5 2. Nf3 Nc6 3. Bb5 a6 4. Ba4 Nf6 5. O-O b5 6. Bb3 Bc5 7. c3 d6 8. d4 Bb6 9. Re1 O-O 10. Bg5 h6 11. Bh4 Re8 12. d5 Nb8 13. a4 Bb7 14. axb5 axb5 15. Na3 c6 16. dxc6 Bxc6 17. Bc2 Na6 18. b4 Nc7 19. Bd3 g5 20. Bg3 Ra7 21. Qe2 Qa8 22. Nc2 Nd7 23. Nd2 Rxa1 24. Rxa1 Qb7 25. Qh5 Kg7 26. h4 Nf6 27. Qe2 Bd7 28. hxg5 hxg5 29. Ne3 Ra8 30. Rxa8 Qxa8 31. Nd1 Bg4 32. Qe1 Qc6 33. c4 Nh5 34. Bh2 Nf4 35. Bxf4 gxf4 36. cxb5 Nxb5 37. Nc4 Bd4 38. Ndb2 Nc3 39. Na5 Qb6 40. Nbc4 Qxb4 41. Qd2 Qa4 42. Nb7 Nd1 43. g3 Nxf2 44. Kh2 Qa8 45. Qxf2 Bxf2 46. gxf4 Qa1 47. Bf1 Qxf1 48. Nbxd6 Qg1# 0-1

[Event "NAYCC U18 w"]
[Site "Toronto CAN"]
[Date "2013.08.16"]
[Round "4"]
[White "Gologorsky, Rachel Gita"]
[Black "Botez, Alexandra"]
[Result "0-1"]
[WhiteElo "2028"]
[BlackElo "2202"]
[PlyCount "64"]
[GameId "2160767909296853"]
[EventDate "2013.08.14"]
[EventType "tourn"]
[EventRounds "9"]
[EventCountry "CAN"]
[SourceTitle "EXT 2022"]
[Source "ChessBase"]
[SourceDate "2021.10.06"]
[SourceVersion "1"]
[SourceVersionDate "2021.10.06"]
[SourceQuality "1"]

1. e4 e6 2. d4 d5 3. Nc3 Nf6 4. e5 Nfd7 5. f4 c5 6. Nf3 Nc6 7. Be3 Rb8 8. Qd2 Qa5 9. Be2 b5 10. O-O b4 11. Nd1 Ba6 12. Bxa6 Qxa6 13. c3 cxd4 14. Nxd4 Bc5 15. Nb3 Bxe3+ 16. Qxe3 O-O 17. Nf2 bxc3 18. Qxc3 Rfc8 19. Qd3 Qb6 20. Rfc1 Nb4 21. Qd4 Nc2 22. Qxb6 Nxb6 23. Rab1 Rb7 24. Nd3 Rbc7 25. Kf2 d4 26. Nbc5 Rxc5 27. Nxc5 Rxc5 28. Ke2 Nd5 29. Kd2 Nde3 30. b4 Rc3 31. a4 Nc4+ 32. Kd1 d3 0-1

[Event "NAYCC U18 w"]
[Site "Toronto CAN"]
[Date "2013.08.16"]
[Round "4"]
[White "Kalaydina, Regina Veronicka"]
[Black "Hua, Margaret"]
[Result "1-0"]
[WhiteElo "1958"]
[BlackElo "1941"]
[PlyCount "77"]
[GameId "2160767909296854"]
[EventDate "2013.08.14"]
[EventType "tourn"]
[EventRounds "9"]
[EventCountry "CAN"]
[SourceTitle "hb 2013"]

1. c4 e6 2. g3 Nf6 3. Bg2 d5 4. cxd5 exd5 5. d4 g6 6. Nf3 Bg7 7. Nc3 O-O 8. O-O c6 9. Bf4 Re8 10. b4 Nh5 11. Bg5 Qd6 12. Qb3 Nd7 13. Rac1 Nb6 14. Rfd1 h6 15. Bd2 Nc4 16. b5 g5 17. Be1 f5 18. Nd2 Be6 19. Nxc4 dxc4 20. Qc2 Nf6 21. bxc6 bxc6 22. Rb1 Nd5 23. e4 Nxc3 24. Bxc3 fxe4 25. Bb4 Qd7 26. Bxe4 Bf8 27. Bxf8 Rxf8 28. Bxc6 Qxc6 29. Qg6+ Kh8 30. Qxh6+ Kg8 31. Qg6+ Kh8 32. Qh6+ Kg8 33. Qxg5+ Kh8 34. d5 Qc5 35. Qh6+ Kg8 36. Qxe6+ Kh8 37. Rf1 Rac8 38. Rb7 Rc7 39. Qe5+ 1-0

[Event "NAYCC U18 w"]
[Site "Toronto CAN"]
[Date "2013.08.16"]
[Round "4"]
[White "Lee, Megan Shuen Hui"]
[Black "Gorti, Akshita"]
[Result "1-0"]
[WhiteElo "2127"]
[BlackElo "1988"]
[PlyCount "67"]
[GameId "2160767909296855"]
[EventDate "2013.08.14"]
[EventType "tourn"]
[EventRounds "9"]
[EventCountry "CAN"]
[SourceTitle "EXT 2022"]
[Source "ChessBase"]
[SourceDate "2021.10.06"]
[SourceVersion "1"]
[SourceVersionDate "2021.10.06"]
[SourceQuality "1"]

1. e4 e6 2. d4 d5 3. e5 c5 4. c3 Nc6 5. Be3 Nge7 6. Bd3 Qb6 7. Qd2 Bd7 8. Nf3 Rc8 9. dxc5 Qc7 10. Bf4 Ng6 11. Bxg6 hxg6 12. b4 Be7 13. Na3 a6 14. Qe3 Rh5 15. g4 Rh3 16. Bg3 Qd8 17. Kf1 f6 18. Kg2 Rh8 19. Nc2 Kf7 20. Rad1 Re8 21. Rd2 Ra8 22. c4 fxe5 23. cxd5 exd5 24. Rxd5 Qc7 25. Bxe5 Qc8 26. Qf4+ Kg8 27. Ne3 Rf8 28. Qe4 Qe8 29. Bc3 Rd8 30. h4 Qf7 31. h5 g5 32. h6 Bf6 33. hxg7 Qxg7 34. Bxf6 1-0

[Event "NAYCC U18 w"]
[Site "Toronto CAN"]
[Date "2013.08.16"]
[Round "4"]
[White "Peng, Jackie"]
[Black "Regam, Jessica"]
[Result "0-1"]
[WhiteElo "2231"]
[BlackElo "2125"]
[PlyCount "84"]
[GameId "2160767909296856"]
[EventDate "2013.08.14"]
[EventType "tourn"]
[EventRounds "9"]
[EventCountry "CAN"]
[SourceTitle "hb 2013"]

1. e4 e6 2. d4 d5 3. e5 c5 4. c3 Qb6 5. Nf3 Bd7 6. Bd3 Nc6 7. dxc5 Bxc5 8. O-O Rc8 9. b4 Bf8 10. Na3 a6 11. Nc2 Nge7 12. Re1 Ng6 13. h4 Qc7 14. Qe2 Na7 15. h5 Ne7 16. a4 Nf5 17. g4 Ne7 18. Bd2 Nac6 19. Na3 Ng8 20. g5 Nge7 21. b5 Nb8 22. Nd4 g6 23. bxa6 bxa6 24. Bxa6 Nxa6 25. Qxa6 Nf5 26. Nxf5 gxf5 27. Nb5 Qc4 28. f4 Bc5+ 29. Kh2 O-O 30. Qa5 Qd3 31. c4 Bf2 32. Rg1 Bxg1+ 33. Rxg1 Rxc4 34. Rg3 Qe2+ 35. Kg1 Rc2 36. Rg2 Qd1+ 37. Kh2 Qxh5+ 38. Kg1 Ra2 39. Qb4 Ra1+ 40. Kf2 Qh4+ 41. Ke2 Qh1 42. Rf2 Qd1+ 0-1

[Event "NAYCC U18 w"]
[Site "Toronto CAN"]
[Date "2013.08.16"]
[Round "4"]
[White "Ulrich, Rachel J"]
[Black "Vyravanathan, Sobiga"]
[Result "1-0"]
[WhiteElo "2002"]
[BlackElo "1632"]
[PlyCount "125"]
[GameId "2160767909296857"]
[EventDate "2013.08.14"]
[EventType "tourn"]
[EventRounds "9"]
[EventCountry "CAN"]
[SourceTitle "EXT 2022"]
[Source "ChessBase"]
[SourceDate "2021.10.06"]
[SourceVersion "1"]
[SourceVersionDate "2021.10.06"]
[SourceQuality "1"]

1. e4 c5 2. Nf3 Nc6 3. d4 cxd4 4. Nxd4 Nf6 5. Nc3 d6 6. Bg5 e6 7. Qd2 Be7 8. O-O-O a6 9. f4 Nxd4 10. Qxd4 O-O 11. e5 Nd5 12. Bxe7 Qxe7 13. Nxd5 exd5 14. Qxd5 dxe5 15. Qxe5 Qxe5 16. fxe5 Be6 17. Be2 Rac8 18. b3 Rc5 19. Bf3 b5 20. Rhe1 g6 21. Rd6 a5 22. Rc6 Rc8 23. Rxc8+ Rxc8 24. Kb2 Bf5 25. Be4 Be6 26. c3 Kf8 27. Bf3 Ke7 28. Re3 Bf5 29. Be2 Bd7 30. h4 h5 31. Bd3 Ke6 32. b4 a4 33. Be2 Kf5 34. Rf3+ Ke6 35. Rf6+ Kxe5 36. Rxf7 Rd8 37. Bf3 Ke6 38. Rf4 Ke7 39. Rd4 Be8 40. Rxd8 Kxd8 41. a3 Ke7 42. c4 bxc4 43. Kc3 Bb5 44. Bd5 Kf6 45. Bxc4 Bc6 46. g3 Kf5 47. b5 Bb7 48. Bd3+ Kg4 49. Bxg6 Kxg3 50. Bxh5 Kxh4 51. Be8 Kg5 52. Bc6 Bc8 53. b6 Kf6 54. Kb4 Ke7 55. Kxa4 Bd7 56. Bxd7 Kxd7 57. Kb5 Kc8 58. Kc6 Kb8 59. b7 Ka7 60. Kc7 Ka6 61. b8=Q Ka5 62. Qb4+ Ka6 63. Qb6# 1-0

[Event "NAYCC U18 w"]
[Site "Toronto CAN"]
[Date "2013.08.16"]
[Round "5"]
[White "Botez, Alexandra"]
[Black "Kalaydina, Regina Veronicka"]
[Result "1-0"]
[WhiteElo "2302"]
[BlackElo "1958"]
[PlyCount "123"]
[GameId "2160767909296858"]
[EventDate "2013.08.14"]
[EventType "tourn"]
[EventRounds "9"]
[EventCountry "CAN"]
[SourceTitle "EXT 2022"]
[Source "ChessBase"]
[SourceDate "2021.10.06"]
[SourceVersion "1"]
[SourceVersionDate "2021.10.06"]
[SourceQuality "1"]

1. d4 d5 2. c4 e6 3. Nf3 Nf6 4. e3 c6 5. b3 Ne4 6. Bd3 Bb4+ 7. Nbd2 f5 8. O-O O-O 9. Qc2 Bd6 10. Bb2 Nd7 11. Ne5 Qg5 12. Rae1 Bb4 13. Nef3 Qh6 14. a3 Bd6 15. Ne5 Bxe5 16. dxe5 Ndc5 17. Be2 Nxd2 18. Qxd2 Ne4 19. Qc2 Bd7 20. Bc1 Qg6 21. f3 Ng5 22. Bd3 Rad8 23. Bd2 h5 24. Kh1 h4 25. Bb4 Rf7 26. f4 Ne4 27. Rf3 c5 28. Bd2 Nxd2 29. Qxd2 Bc6 30. Qf2 dxc4 31. Bxc4 Rfd7 32. Qxh4 Rd1 33. Bf1 Bxf3 34. gxf3 Qf7 35. Be2 Rxe1+ 36. Qxe1 Qd7 37. Qc3 b6 38. Kg1 Kf7 39. Qc4 Qd5 40. Kf2 Qb7 41. Qa6 Qe7 42. h3 Rd2 43. Kg3 Kg6 44. e4 Kh5 45. Kf2 Qh4+ 46. Ke3 Rd4 47. Qc8 Qe7 48. exf5 Rd8 49. Qxe6 Qxe6 50. fxe6 Re8 51. f5 Kg5 52. Bd3 Kh4 53. Kf4 Kxh3 54. Kg5 Kg3 55. Be4 b5 56. Kg6 Kf4 57. Kf7 Rc8 58. e7 Rc7 59. Kf8 Rxe7 60. Kxe7 Kxe5 61. Kf7 c4 62. bxc4 1-0

[Event "NAYCC U18 w"]
[Site "Toronto CAN"]
[Date "2013.08.16"]
[Round "5"]
[White "Gorti, Akshita"]
[Black "Regam, Jessica"]
[Result "1/2-1/2"]
[WhiteElo "1988"]
[BlackElo "2125"]
[PlyCount "126"]
[GameId "2160767909296859"]
[EventDate "2013.08.14"]
[EventType "tourn"]
[EventRounds "9"]
[EventCountry "CAN"]
[SourceTitle "EXT 2022"]
[Source "ChessBase"]
[SourceDate "2021.10.06"]
[SourceVersion "1"]
[SourceVersionDate "2021.10.06"]
[SourceQuality "1"]

1. d4 d5 2. c4 e6 3. Nc3 Be7 4. cxd5 exd5 5. Bf4 Nf6 6. e3 Bf5 7. Nge2 O-O 8. Ng3 Bg6 9. h4 h6 10. h5 Bh7 11. Bd3 Bxd3 12. Qxd3 c6 13. Nf5 Nbd7 14. a3 Re8 15. Rc1 Nb6 16. Qe2 Bf8 17. Bg3 Qd7 18. Qf3 Nc4 19. Rb1 Qe6 20. Bh4 Ne4 21. Nxe4 Qxe4 22. Qxe4 Rxe4 23. Ng3 Re6 24. Ne2 Rae8 25. Kd1 c5 26. Kc2 Rc6 27. Kd3 Rb6 28. Kc2 Rc8 29. dxc5 Rxc5 30. Nc3 Rbc6 31. Rbc1 Nxa3+ 32. Kd3 Nb5 33. Ne2 Rc4 34. Bg3 Rb4 35. Rxc6 bxc6 36. Be5 f6 37. Bc3 Nxc3 38. Kxc3 Rg4 39. g3 Rc4+ 40. Kd3 Rb4 41. Kc3 a5 42. Ra1 a4 43. Nd4 c5 44. Ne2 Bd6 45. Ra2 Be5+ 46. Kc2 f5 47. Nc3 Rc4 48. Rxa4 Rxa4 49. Nxa4 d4 50. f4 Bf6 51. Nxc5 dxe3 52. b4 e2 53. Nd3 Kf7 54. Kd2 Ke6 55. Kxe2 Kd5 56. Kf3 Kc4 57. Ne1 Kxb4 58. Nc2+ Kc5 59. Ne3 Kd6 60. Nxf5+ Ke6 61. Ke4 Bc3 62. Nd4+ Bxd4 63. Kxd4 Kf5 1/2-1/2

[Event "NAYCC U18 w"]
[Site "Toronto CAN"]
[Date "2013.08.16"]
[Round "5"]
[White "Hua, Margaret"]
[Black "Lee, Megan Shuen Hui"]
[Result "0-1"]
[WhiteElo "1941"]
[BlackElo "2127"]
[PlyCount "140"]
[GameId "2160767909296860"]
[EventDate "2013.08.14"]
[EventType "tourn"]
[EventRounds "9"]
[EventCountry "CAN"]
[SourceTitle "EXT 2022"]
[Source "ChessBase"]
[SourceDate "2021.10.06"]
[SourceVersion "1"]
[SourceVersionDate "2021.10.06"]
[SourceQuality "1"]

1. e4 e5 2. Bc4 Nc6 3. d3 Nf6 4. Nf3 Bc5 5. c3 d6 6. O-O a6 7. Bb3 Ba7 8. Nbd2 O-O 9. h3 Be6 10. Bc2 Ne7 11. Re1 Ng6 12. Nf1 d5 13. Ng3 h6 14. d4 exd4 15. e5 Ne4 16. Nxe4 dxe4 17. Nxd4 Bd5 18. Be3 c5 19. Nf5 Re8 20. Ng3 Rxe5 21. b4 b6 22. bxc5 bxc5 23. Qe2 Bb6 24. Bb3 Bb7 25. Rad1 Qc7 26. Qg4 c4 27. Rd7 Qc6 28. Bxc4 Rf8 29. Bxb6 Qxb6 30. Rd4 Rg5 31. Qd1 Nf4 32. Qb3 Qc7 33. Re3 h5 34. Bf1 Ne6 35. Rd1 Rb8 36. Rb1 Nc5 37. Qc4 Re8 38. Rbe1 Bd5 39. Qd4 Rd8 40. Qb4 a5 41. Qb1 h4 42. Nxe4 Nxe4 43. Rxe4 Bxe4 44. Rxe4 Qxc3 45. Rxh4 g6 46. a4 Re8 47. Kh2 Qf6 48. Qb7 Rf8 49. Qe4 Qxf2 50. Qf4 Qxf4+ 51. Rxf4 Kg7 52. Bb5 Rb8 53. Kg1 Rc8 54. Rf2 Rc3 55. Kh2 f6 56. Rd2 Kf7 57. Rd6 Rc2 58. Bf1 Ke7 59. Rd4 Rb2 60. Rd1 Ke6 61. Bc4+ Ke5 62. Rd5+ Kf4 63. Rxg5 Kxg5 64. Bb5 Kf4 65. Bc6 g5 66. Kg1 Kg3 67. Kf1 Rf2+ 68. Kg1 Rc2 69. Bb5 Rc1+ 70. Bf1 f5 0-1

[Event "NAYCC U18 w"]
[Site "Toronto CAN"]
[Date "2013.08.16"]
[Round "5"]
[White "Regam, Jessica"]
[Black "Gologorsky, Rachel Gita"]
[Result "0-1"]
[WhiteElo "2125"]
[BlackElo "2028"]
[PlyCount "64"]
[GameId "2160767909296861"]
[EventDate "2013.08.14"]
[EventType "tourn"]
[EventRounds "9"]
[EventCountry "CAN"]
[SourceTitle "EXT 2022"]
[Source "ChessBase"]
[SourceDate "2021.10.06"]
[SourceVersion "1"]
[SourceVersionDate "2021.10.06"]
[SourceQuality "1"]

1. e4 c5 2. Nf3 d6 3. d4 cxd4 4. Nxd4 Nf6 5. Nc3 Nc6 6. Bg5 e6 7. Qd2 a6 8. O-O-O Bd7 9. f4 b5 10. Bxf6 gxf6 11. f5 Nxd4 12. Qxd4 Bh6+ 13. Kb1 Bf4 14. Ne2 Be5 15. Qd2 exf5 16. exf5 Bxf5 17. Nd4 Bg6 18. h4 h5 19. Qe3 Qb6 20. g3 O-O 21. Bg2 Rac8 22. Be4 f5 23. Bf3 Rfe8 24. Qd2 Rc4 25. Ne2 f4 26. Nc3 Rxc3 27. bxc3 Rc8 28. gxf4 Bxc3 29. Qg2 Qa5 30. Bd5 Kh7 31. f5 Qa3 32. fxg6+ fxg6 0-1

[Event "NAYCC U18 w"]
[Site "Toronto CAN"]
[Date "2013.08.17"]
[Round "6"]
[White "Botez, Alexandra"]
[Black "Regam, Jessica"]
[Result "1-0"]
[WhiteElo "2202"]
[BlackElo "2125"]
[PlyCount "73"]
[GameId "2160767739919902"]
[EventDate "2013.08.14"]
[EventType "tourn"]
[EventRounds "9"]
[EventCountry "CAN"]
[SourceTitle "EXT 2022"]
[Source "ChessBase"]
[SourceDate "2021.10.06"]
[SourceVersion "1"]
[SourceVersionDate "2021.10.06"]
[SourceQuality "1"]

1. d4 Nf6 2. c4 g6 3. f3 Bg7 4. e4 d6 5. Nc3 O-O 6. Be3 c5 7. d5 e6 8. Qd2 exd5 9. cxd5 a6 10. a4 Re8 11. Nge2 Nbd7 12. Ng3 h5 13. Be2 h4 14. Nf1 Nh7 15. Bf2 Ne5 16. h3 Rb8 17. Nh2 g5 18. O-O Ng6 19. Be3 f5 20. Rab1 Be5 21. b4 Qf6 22. Nd1 cxb4 23. Rxb4 Bf4 24. Bxa6 fxe4 25. Bxf4 Nxf4 26. Bb5 Re5 27. fxe4 Qg6 28. Nf2 Nf6 29. Nf3 Re7 30. e5 N6xd5 31. exd6 Qxd6 32. Rd4 Bd7 33. Bc4 Bc6 34. Ne4 Qd8 35. Nf6+ Kh8 36. Nxg5 Qc7 37. Rd1 {...} 1-0

[Event "NAYCC U18 w"]
[Site "Toronto CAN"]
[Date "2013.08.17"]
[Round "6"]
[White "Gologorsky, Rachel Gita"]
[Black "Vyravanathan, Sobiga"]
[Result "1-0"]
[WhiteElo "2028"]
[BlackElo "1632"]
[PlyCount "69"]
[GameId "2160767909296862"]
[EventDate "2013.08.14"]
[EventType "tourn"]
[EventRounds "9"]
[EventCountry "CAN"]
[SourceTitle "EXT 2022"]
[Source "ChessBase"]
[SourceDate "2021.10.06"]
[SourceVersion "1"]
[SourceVersionDate "2021.10.06"]
[SourceQuality "1"]

1. e4 c5 2. Nf3 Nc6 3. Nc3 d6 4. d4 cxd4 5. Nxd4 Nf6 6. Bg5 e6 7. Qd2 Be7 8. O-O-O a6 9. f3 O-O 10. g4 Nxd4 11. Qxd4 Qa5 12. h4 b5 13. Kb1 b4 14. Ne2 e5 15. Qd2 Qb6 16. Ng3 a5 17. Nf5 Bxf5 18. exf5 a4 19. Bc4 Qc5 20. Bxf6 Bxf6 21. Bd5 Rab8 22. g5 Be7 23. f6 Bd8 24. h5 a3 25. fxg7 Kxg7 26. g6 Qd4 27. h6+ Kg8 28. gxf7+ Kh8 29. Qxd4 exd4 30. Rhg1 Bf6 31. Rg4 axb2 32. Rdg1 Rxf7 33. Bxf7 d3 34. Rg8+ Rxg8 35. Rxg8# 1-0

[Event "NAYCC U18 w"]
[Site "Toronto CAN"]
[Date "2013.08.17"]
[Round "6"]
[White "Kalaydina, Regina Veronicka"]
[Black "Lee, Megan Shuen Hui"]
[Result "0-1"]
[WhiteElo "1958"]
[BlackElo "2127"]
[PlyCount "74"]
[GameId "2160767909296863"]
[EventDate "2013.08.14"]
[EventType "tourn"]
[EventRounds "9"]
[EventCountry "CAN"]
[SourceTitle "EXT 2022"]
[Source "ChessBase"]
[SourceDate "2021.10.06"]
[SourceVersion "1"]
[SourceVersionDate "2021.10.06"]
[SourceQuality "1"]

1. c4 c6 2. g3 Nf6 3. Bg2 d5 4. Nf3 e6 5. Qc2 Be7 6. d4 O-O 7. O-O Nbd7 8. b3 b6 9. Bb2 Bb7 10. Nbd2 Rc8 11. Rad1 Qc7 12. Qb1 Rfe8 13. Rfe1 c5 14. cxd5 exd5 15. Rc1 Qb8 16. Nf1 a5 17. Ne3 Ne4 18. Bh3 Rcd8 19. Red1 Ndf6 20. dxc5 bxc5 21. Be5 Qa7 22. Bc7 Ra8 23. Bf4 d4 24. Nf5 Bf8 25. Re1 Nc3 26. Qb2 Nxe2+ 27. Rxe2 Bxf3 28. Re5 Nd7 29. Rxe8 Rxe8 30. Qc2 Bh5 31. Nd6 Bg6 32. Bf5 Re6 33. Bxg6 hxg6 34. Ne4 Qa6 35. Ng5 Re2 36. Qb1 Nf6 37. Re1 Nd5 0-1

[Event "NAYCC U18 w"]
[Site "Toronto CAN"]
[Date "2013.08.17"]
[Round "6"]
[White "Ulrich, Rachel J"]
[Black "Hua, Margaret"]
[Result "0-1"]
[WhiteElo "2002"]
[BlackElo "1941"]
[PlyCount "84"]
[GameId "2160767909296864"]
[EventDate "2013.08.14"]
[EventType "tourn"]
[EventRounds "9"]
[EventCountry "CAN"]
[SourceTitle "EXT 2022"]
[Source "ChessBase"]
[SourceDate "2021.10.06"]
[SourceVersion "1"]
[SourceVersionDate "2021.10.06"]
[SourceQuality "1"]

1. e4 e5 2. Nf3 Nc6 3. Bb5 a6 4. Ba4 Nf6 5. O-O b5 6. Bb3 Bb7 7. Re1 Bc5 8. c3 d6 9. d4 Bb6 10. Bg5 h6 11. Bh4 g5 12. Bg3 O-O 13. h3 Re8 14. dxe5 Nxe5 15. Nxe5 dxe5 16. Qf3 Qe7 17. Nd2 Rad8 18. Nf1 Kg7 19. a4 Rd6 20. Bh2 Bc8 21. Ne3 Bxe3 22. Qxe3 Nh5 23. axb5 axb5 24. Qe2 Nf4 25. Qxb5 Rb6 26. Qa4 Nd3 27. Bd5 Nxe1 28. Rxe1 Rxb2 29. Bg3 Bb7 30. Bb3 Bc8 31. Rd1 f6 32. Qc4 Be6 33. Qxe6 Qxe6 34. Bxe6 Rxe6 35. Rd7+ Kg6 36. Rxc7 Rd6 37. h4 Rd1+ 38. Kh2 Rbb1 39. Kh3 Rd3 40. f3 Rh1+ 41. Bh2 g4+ 42. Kxg4 Rxh2 0-1